| 000 | 00373nam a22001457a 4500 | ||
|---|---|---|---|
| 020 | _a9788131701829 | ||
| 040 | _cNUST | ||
| 082 | _a530.8 BEN | ||
| 100 |
_aBentley, John P _939823 |
||
| 245 | _aPrinciples Of Measurement Systems | ||
| 250 | _a3rd Edition | ||
| 260 |
_aNew Delhi; _bPearson Education, _c2007. |
||
| 650 |
_aMeasurement Systems _9112382 |
||
| 942 |
_2ddc _cBK |
||
| 999 |
_c594756 _d594756 |
||